| 000 | 00558nam a22002057a 4500 | ||
|---|---|---|---|
| 003 | dpl | ||
| 005 | 20180801113056.0 | ||
| 008 | 180801b xxu||||| |||| 00| 0 eng d | ||
| 020 | _c195.00 | ||
| 035 | _aB-225132 | ||
| 040 |
_aDPL _bEN _c0 |
||
| 082 | _a641.3 | ||
| 100 | _aPodder,Tanushree | ||
| 245 |
_aUltimate Food _bfor body,mind and soul/ _cTanushree Podder |
||
| 260 |
_aDelhi _bUBSPD PVT.Ltd. _c2006 |
||
| 300 |
_avii;292; _c22cm |
||
| 500 | _aInculds Epilogue | ||
| 700 | _aPooder Tanushree | ||
| 942 |
_2ddc _cEN _h641.3 _mPOD |
||
| 999 |
_c155229 _d155229 |
||